Humorously Yours (Record no. 10902)
[ view plain ]
| 000 -LEADER | |
|---|---|
| fixed length control field | 00418 a2200157 4500 |
| 020 ## - INTERNATIONAL STANDARD BOOK NUMBER | |
| International Standard Book Number | 9789698535100 |
| 082 ## - DEWEY DECIMAL CLASSIFICATION NUMBER | |
| Classification number | 821.8 |
| 090 ## - LOCALLY ASSIGNED LC-TYPE CALL NUMBER (OCLC); LOCAL CALL NUMBER (RLIN) | |
| -- | 7097 |
| -- | 7097 |
| 100 ## - MAIN ENTRY--PERSONAL NAME | |
| Personal name | Aslam, Bazmi |
| 245 ## - TITLE STATEMENT | |
| Title | Humorously Yours |
| Statement of responsibility, etc. | Aslam, Bazmi |
| 260 ## - PUBLICATION, DISTRIBUTION, ETC. | |
| Place of publication, distribution, etc. | Islamabad (Pakistan) |
| Name of publisher, distributor, etc. | NUST Publishing |
| Date of publication, distribution, etc. | 2012 |
| 300 ## - PHYSICAL DESCRIPTION | |
| Extent | viii, 134 p. |
| Other physical details | ;ill. |
| Dimensions | 24 cm. |
| 500 ## - GENERAL NOTE | |
| General note | Includes references and index |
| 650 ## - SUBJECT ADDED ENTRY--TOPICAL TERM | |
| Topical term or geographic name entry element | Wit and Humor |
| 942 ## - ADDED ENTRY ELEMENTS (KOHA) | |
| Koha item type | Book |
| Call number prefix | 821.8 ASL |
| Withdrawn status | Lost status | Damaged status | Not for loan | Permanent Location | Current Location | Total Checkouts | Total Renewals | Full call number | Barcode | Date last seen | Date last checked out | Price effective from | Koha item type | Collection code | Shelving location | Date acquired | Source of acquisition | Source of classification or shelving scheme |
|---|---|---|---|---|---|---|---|---|---|---|---|---|---|---|---|---|---|---|
| Central Library (CL) | Central Library (CL) | 3 | 1 | 821.8 ASL | SEECSD00515 | 01/24/2020 | 01/03/2020 | 11/14/2012 | Book | |||||||||
| Central Library (CL) | Central Library (CL) | 821.8 ASL | SEECSD00516 | 11/14/2012 | 11/14/2012 | Book | ||||||||||||
| Central Library (CL) | Central Library (CL) | 821.8 ASL | SEECSD00517 | 08/31/2020 | 11/14/2012 | Book | ||||||||||||
| Central Library (CL) | Central Library (CL) | 1 | 821.8 ASL | SEECSD01123 | 11/16/2021 | 09/22/2019 | 06/08/2015 | Book | General Stacks | 06/10/2015 | Donation | |||||||
| Central Library (CL) | Central Library (CL) | 808.83 BAZ | CL-D-1031 | 12/04/2020 | 12/04/2020 | Book | 12/04/2020 | Donation | ||||||||||
| Central Library (CL) | Central Library (CL) | 821.8 ASL | CL-D-1758 | 05/09/2022 | 05/09/2022 | Book | 05/09/2022 | Donation |
